000 00760nam0a22002531 4500
001 rc\153404
005 20030307112659.8
010 _a5-7556-0026-0
_91000
035 _a(NLR Aleph) 005421037
090 _a7475892
_c7475892
100 _a20030307d1995 u |0rusy50 ca
101 0 _arus
102 _aRU
105 _aa |||||||||
200 1 _aОбщая социология
_e[Пер. с сербскохорв.]
_fАкад. социал. наук
210 _aМ.
_cИСПИ
_d1995
215 _a326, [3] с.
_cпортр.
_d20
320 _aБиблиогр.: с. 317-320
700 1 _aМаркович
_bД. Ж.
_f1933-
_gДанило Ж.
801 0 _aRU
_bNLR
_gpsbo
801 1 _aRU
_bELAR
_2rusmarc
852 _aNLR
_j96-3/7574
942 _cBOOK
980 _aNB